000 01480nam2a22003131 4500
001 rc\4878937
005 20250612201004.0
035 _a(NLR Aleph) 008825635
090 _a8249871
_c8249871
100 _a20130426d1966 |||y0rusy50 ca
101 0 _arus
102 _aRU
105 _aa z |||||
200 1 _aЭто поможет лучше учиться
_fЦентр. станция юных техников
210 _aМосква
_cМалыш
_d1966
215 _a[2] с. на обл., 1 л. ил. с текстом
_d23
225 0 _a[Для умелых рук]
_v№ 23 (233)
300 _aПрил. к журн. "Юный техник"
300 _aАвт. указан на 1-й с.
422 0 _12001#$aЮный техник
_tЮный техник
461 0 _1001RU\NLR\INFOCOMM15\1000112638
_12001#$aЛевша$eПрил. к журн. "Юный техник"$fТруд. коллектив журн. "Юный техник". Изд.-полигр. об-ние "Молодая гвардия"$v1966, № 23 (233)
_92735415
_cМ.
_d1961 -
_fТруд. коллектив журн. "Юный техник". Изд.-полигр. об-ние "Молодая гвардия"
_oПрил. к журн. "Юный техник"
_tЛевша
_x0869-0669
_v1966, № 23 (233)
700 1 _aХохлов
_bП.В.
801 0 _aRU
_bNLR
_gpsbo
801 1 _aRU
_bELAR
_2rusmarc
852 _aNLR
_jП49/855
942 _cISSUE
980 _aNB
980 _aRUSPER